PRESTRESSED CONCRETE BRIDGES / (Record no. 589746)
[ view plain ]
| 000 -LEADER | |
|---|---|
| fixed length control field | 00330nam a22001337a 4500 |
| 020 ## - INTERNATIONAL STANDARD BOOK NUMBER | |
| Qualifying information | PB. |
| 040 ## - CATALOGING SOURCE | |
| Transcribing agency | FIZZA ISHAQ |
| 082 ## - DEWEY DECIMAL CLASSIFICATION NUMBER | |
| Classification number | 624.2 |
| Author Mark | NKR |
| 100 ## - MAIN ENTRY--PERSONAL NAME | |
| Personal name | RAJU,KRISHNA N. |
| 9 (RLIN) | 43234 |
| 245 ## - TITLE STATEMENT | |
| Title | PRESTRESSED CONCRETE BRIDGES / |
| Statement of responsibility, etc. | N.KRISHNA RAJU. |
| 260 ## - PUBLICATION, DISTRIBUTION, ETC. | |
| Place of publication, distribution, etc. | CAMBRIDGE UNIVERSITY ; |
| Date of publication, distribution, etc. | 2014. |
| 300 ## - PHYSICAL DESCRIPTION | |
| Extent | 482 P. ; |
| 942 ## - ADDED ENTRY ELEMENTS (KOHA) | |
| Source of classification or shelving scheme | |
| Koha item type | Book |
| Withdrawn status | Lost status | Source of classification or shelving scheme | Damaged status | Not for loan | Permanent Location | Current Location | Date acquired | Full call number | Barcode | Date last seen | Copy number | Price effective from | Koha item type |
|---|---|---|---|---|---|---|---|---|---|---|---|---|---|
| NUST Baluchistan Campus (NBC) | NUST Baluchistan Campus (NBC) | 05/17/2022 | 624.2 RAJ | Q-4131 | 05/17/2022 | 3 | 05/17/2022 | Book |
